000 00554nam a2200097Ia 4500
008 170517s9999 xx 000 0 und d
245 _aTasmanian Tiger: End of Extinction
300 _aThe Thylacine was the largest known carnivorous marsupial of modern times. Native to Australia and New Guinea, it is thought to have become extinct in the 20th century. It is commonly known as the Tasmanian Tiger (because of its striped back), the Tasmanian Wolf, and...
650 _xNature.
856 _uhttp://topdocumentaryfilms.com/tasmanian-tiger-end-of-extinction/
999 _c333683
_d333683